000 00813cam a2200253 a 4500
001 000019561
005 20200929170046.0
008 750307s1962 sp 001 e spa d
035 _a(OCoLC)1203988
040 _aDO-SdBNP
_cOCX
_dCNE
_dDLC
_dBNPHU
082 _a864.6
_bÓ77c
100 1 _aOrtega y Gasset, José,
_d1883-1955.
_95769
245 1 3 _aLa caza y los toros /
_cJosé Ortega y Gasset.
260 _aMadrid :
_bEspasa Calpe,
_c1962.
300 _a170 p. ;
_c18 cm.
490 1 _aAustral. Verde: ensayos y filosofía
_v1328
504 _aIncluye índice de autores
650 4 _aEnsayos españoles
_93095
650 4 _aLiteratura española
_ySIGLO XX
_93326
830 0 _aAustral.
_pVerde: ensayos y filosofía;
_v1328
_98733
910 _aCatalogación derivada / LC
910 _aWM
049 _aBNGR
999 _c19077
_d19077